000 00541nam a22001691a 4500
020 _c0.00
040 _aSSUS - Library - Kalady
082 _aMED 371.262 THA/STU
100 _aThankachan T
245 _aA study of the factories leading to under achievement in the acquisition of expressive skills in malayalam among the pupils of Std VIII
_h[MED]
260 _c1997
300 _a100p.
600 _aAchievement Malayalam 8th Standard
600 _aMED thesis
852 _90.00
_r
942 _cREF
999 _c44667
_d44667